| 000 | 00482cam a22002054a 4500 | ||
|---|---|---|---|
| 005 | 20250605164317.0 | ||
| 008 | 250528s ||||||||||||||||||||||||d | ||
| 035 | _a22737 | ||
| 020 | _a9780132311526 | ||
| 040 |
_aGR-AtMCL _bgre _dGR-AtMCL _eAACR2 |
||
| 245 | 1 | _aFOUNDATIONS OF MACROECONOMICS | |
| 250 | _a5 | ||
| 260 |
_bPearson, _c2011 |
||
| 300 | _a504 | ||
| 700 | 1 |
_aBade Robin _97901 |
|
| 700 | 1 |
_aParkin Michael _93320 |
|
| 942 | _cBK | ||
| 999 |
_c7782 _d7782 |
||